[Event "BI-2016-F-0000"]
[Site "LSS email"]
[Date "2016.02.14"]
[Round "?"]
[White "Abbey, William"]
[Black "Luzio, Norberto"]
[Result "1/2-1/2"]
[WhiteElo "2199"]
[BlackElo "2307"]
[PlyCount "119"]
[EventDate "2016.02.20"]
[EventType "tourn (corr)"]
[EventRounds "10"]
[EventCountry "GER"]
[SourceTitle "Corr 2022"]
[Source "ChessBase"]
[SourceDate "2021.10.24"]
[SourceVersion "1"]
[SourceVersionDate "2021.10.24"]
[SourceQuality "1"]

1. e4 c5 2. Nf3 d6 3. d4 cxd4 4. Nxd4 Nf6 5. Nc3 a6 6. Be2 e5 7. Nb3 Be7 8. 0-0 0-0 9. Qd3 Be6 10. Be3 Nc6 11. a3 d5 12. exd5 Nxd5 13. Nxd5 Qxd5 14. Rad1 Qxd3 15. Bxd3 Rfd8 16. Nc5 Bxc5 17. Bxc5 Rac8 18. Bb6 Rd7 19. Rfe1 f6 20. f4 g6 21. g3 Kf7 22. c3 Re8 23. Bc2 Ree7 24. Bc5 Rxd1 25. Rxd1 Rd7 26. Rxd7+ Bxd7 27. Be4 f5 28. Bd5+ Kf6 29. Bb6 e4 30. c4 Be6 31. Bxc6 bxc6 32. b3 Ke7 33. Bc5+ Kf6 34. Kf2 g5 35. Bd4+ Kg6 36. Be5 h6 37. Ke3 Bd7 38. h3 Kf7 39. Bc3 c5 40. Be5 Ke7 41. Bg7 gxf4+ 42. Kxf4 h5 43. h4 Kf7 44. Bc3 Ke6 45. Bd2 Kd6 46. Be3 Bc6 47. Kxf5 Bd7+ 48. Kxe4 Bg4 49. b4 cxb4 50. axb4 Kc6 51. Kf4 Be2 52. Kg5 Bg4 53. Bd4 Be2 54. Bc3 Bg4 55. Kg6 Be2 56. Bd4 Bg4 57. Kh6 Be2 58. Kg5 Bg4 59. Bf6 Be2 60. Be5 1/2-1/2

[Event "BI-2016-F-0000"]
[Site "LSS email"]
[Date "2016.02.14"]
[Round "?"]
[White "Abbey, William"]
[Black "Panov, Serg"]
[Result "1/2-1/2"]
[WhiteElo "2199"]
[BlackElo "2325"]
[PlyCount "48"]
[EventDate "2016.02.20"]
[EventType "tourn (corr)"]
[EventRounds "10"]
[EventCountry "GER"]
[SourceTitle "Corr 2022"]
[Source "ChessBase"]
[SourceDate "2021.10.24"]
[SourceVersion "1"]
[SourceVersionDate "2021.10.24"]
[SourceQuality "1"]

1. e4 c5 2. Nc3 Nc6 3. Nf3 e5 4. Bc4 Be7 5. d3 d6 6. 0-0 Nf6 7. h3 0-0 8. a3 h6 9. Rb1 a6 10. b4 b5 11. Ba2 Be6 12. Nd5 Rc8 13. Nxf6+ Bxf6 14. Bxe6 fxe6 15. c3 Kh7 16. Be3 Be7 17. Qe2 Qd7 18. Ra1 Rb8 19. Rfd1 Rfd8 20. Rac1 a5 21. Qd2 axb4 22. axb4 cxb4 23. cxb4 d5 24. Qb2 dxe4 1/2-1/2

[Event "BI-2016-F-0000"]
[Site "LSS email"]
[Date "2016.02.14"]
[Round "?"]
[White "Polastri, Antonio"]
[Black "Abbey, William"]
[Result "1/2-1/2"]
[WhiteElo "2041"]
[BlackElo "2199"]
[PlyCount "37"]
[EventDate "2016.02.20"]
[EventType "tourn (corr)"]
[EventRounds "10"]
[EventCountry "GER"]
[SourceTitle "Corr 2022"]
[Source "ChessBase"]
[SourceDate "2021.10.24"]
[SourceVersion "1"]
[SourceVersionDate "2021.10.24"]
[SourceQuality "1"]

1. e4 c5 2. Nf3 d6 3. d4 cxd4 4. Nxd4 Nf6 5. Nc3 a6 6. h3 e5 7. Nde2 h5 8. Be3 Nbd7 9. g3 b5 10. Nd5 Nxd5 11. Qxd5 Rb8 12. Bg2 Be7 13. Qd2 a5 14. g4 Nb6 15. b3 hxg4 16. hxg4 Rxh1+ 17. Bxh1 Bxg4 18. Qxa5 b4 19. Qxb4 1/2-1/2

[Event "BI-2016-F-0000"]
[Site "LSS email"]
[Date "2016.02.14"]
[Round "?"]
[White "Roberts, Anthony"]
[Black "Abbey, William"]
[Result "1/2-1/2"]
[WhiteElo "2339"]
[BlackElo "2199"]
[PlyCount "79"]
[EventDate "2016.02.20"]
[EventType "tourn (corr)"]
[EventRounds "10"]
[EventCountry "GER"]
[SourceTitle "Corr 2022"]
[Source "ChessBase"]
[SourceDate "2021.10.24"]
[SourceVersion "1"]
[SourceVersionDate "2021.10.24"]
[SourceQuality "1"]

1. e4 c6 2. d4 d5 3. e5 c5 4. dxc5 e6 5. Be3 Nd7 6. c4 Bxc5 7. Bxc5 Nxc5 8. cxd5 exd5 9. Qd4 Qa5+ 10. b4 Ne6 11. Qd2 Qb6 12. Nf3 Ne7 13. Bd3 a5 14. b5 Nc5 15. Nc3 Bg4 16. Be2 Rd8 17. Qd4 h5 18. Rd1 Nf5 19. Nxd5 Nxd4 20. Nxb6 Nc2+ 21. Kf1 Rxd1+ 22. Bxd1 Na3 23. h3 Be6 24. Na4 Bc4+ 25. Kg1 Nd3 26. Nc3 Ke7 27. Nd4 Rd8 28. Nf5+ Kf8 29. Nd6 Nxe5 30. Nxc4 Nexc4 31. Bxh5 Rd3 32. Ne4 Rd5 33. Be2 Re5 34. Bxc4 Nxc4 35. Nc3 Nd6 36. Kh2 Nxb5 37. f4 Rc5 38. Nxb5 Rxb5 39. Rc1 g6 40. Rc7 1/2-1/2

[Event "WC-2016-P-00016"]
[Site "LSS email"]
[Date "2016.01.22"]
[Round "?"]
[White "Pott, Brian"]
[Black "Abbey, William"]
[Result "0-1"]
[WhiteElo "1810"]
[BlackElo "2202"]
[PlyCount "60"]
[EventDate "2016.01.28"]
[EventType "tourn (corr)"]
[EventRounds "12"]
[EventCountry "GER"]
[SourceTitle "Corr 2022"]
[Source "ChessBase"]
[SourceDate "2021.10.24"]
[SourceVersion "1"]
[SourceVersionDate "2021.10.24"]
[SourceQuality "1"]

1. e4 c5 2. Nf3 e6 3. d4 cxd4 4. Nxd4 Nc6 5. Nc3 Qc7 6. Be3 a6 7. Qd2 Nf6 8. 0-0-0 Be7 9. f4 b5 10. e5 b4 11. Ncb5 axb5 12. Nxb5 Qa5 13. exf6 gxf6 14. c4 bxc3 15. Nxc3 Rb8 16. g4 0-0 17. Kb1 Ba3 18. b3 Bb4 19. Rc1 Bb7 20. Bg2 d5 21. Bd4 Nxd4 22. Qxd4 Rfc8 23. Na4 Bc6 24. Nb2 Bb5 25. Rxc8+ Rxc8 26. Rc1 Rxc1+ 27. Kxc1 Ba3 28. Qe3 Bc6 29. Kc2 d4 30. Qxd4 Bxg2 0-1

[Event "WC-2016-P-00016"]
[Site "LSS email"]
[Date "2016.01.22"]
[Round "?"]
[White "Sukhanov, Sergey"]
[Black "Abbey, William"]
[Result "1/2-1/2"]
[WhiteElo "1948"]
[BlackElo "2202"]
[PlyCount "34"]
[EventDate "2016.01.28"]
[EventType "tourn (corr)"]
[EventRounds "12"]
[EventCountry "GER"]
[SourceTitle "Corr 2022"]
[Source "ChessBase"]
[SourceDate "2021.10.24"]
[SourceVersion "1"]
[SourceVersionDate "2021.10.24"]
[SourceQuality "1"]

1. e4 c6 2. d4 d5 3. e5 c5 4. dxc5 e6 5. Be3 Nd7 6. Bb5 Ne7 7. Nf3 Nf5 8. b4 Nxe3 9. fxe3 a6 10. Ba4 a5 11. c6 bxc6 12. Bxc6 Qb6 13. Bxa8 Qxe3+ 14. Qe2 Qc1+ 15. Qd1 Qe3+ 16. Qe2 Qc1+ 17. Qd1 Qe3+ 1/2-1/2

[Event "CP-2015-P-00031"]
[Site "LSS email"]
[Date "2015.09.28"]
[Round "?"]
[White "Chmela, Zdenek"]
[Black "Abbey, William"]
[Result "1/2-1/2"]
[WhiteElo "2120"]
[BlackElo "2198"]
[PlyCount "63"]
[EventDate "2015.10.01"]
[EventType "tourn (corr)"]
[EventRounds "6"]
[EventCountry "GER"]
[SourceTitle "Corr 2022"]
[Source "ChessBase"]
[SourceDate "2021.10.24"]
[SourceVersion "1"]
[SourceVersionDate "2021.10.24"]
[SourceQuality "1"]

1. d4 Nf6 2. c4 g6 3. Nc3 Bg7 4. e4 d6 5. h3 Nbd7 6. Nf3 e5 7. dxe5 Nxe5 8. Nxe5 dxe5 9. Qxd8+ Kxd8 10. Bg5 c6 11. Be2 Kc7 12. Rc1 h6 13. Be3 Rd8 14. f4 Be6 15. fxe5 Nd7 16. Nd5+ Kc8 17. b4 Nxe5 18. 0-0 Bd7 19. Nf6 Be6 20. b5 Bxf6 21. Rxf6 c5 22. Bxc5 Nd3 23. Bxd3 Rxd3 24. Bf8 h5 25. c5 a6 26. b6 Kd7 27. Bd6 Rc8 28. Ra1 Rd4 29. e5 Kc6 30. Rf2 g5 31. g3 Re8 32. Kh2 1/2-1/2